Normal view
MARC view
Entry Topical Term
001 - CONTROL NUMBER
- control field: 27432
003 - CONTROL NUMBER IDENTIFIER
- control field: ARRUPE
005 - DATE AND TIME OF LATEST TRANSACTION
- control field: 20161110152123.0
008 - FIXED-LENGTH DATA ELEMENTS
- fixed length control field: 161110|| aca||aabn | a|a d
040 ## - CATALOGING SOURCE
- Original cataloging agency: ARRUPE
- Transcribing agency: ARRUPE
150 ## - HEADING--TOPICAL TERM
- Topical term or geographic name as entry element: Groups, theory of
670 ## - SOURCE DATA FOUND
- Source citation: Work cat.: (ARRUPE): Rotman,Joseph J. 27431, The Theory of groups, 1965